| 000 | 00512 a2200193 4500 | ||
|---|---|---|---|
| 001 | 065868 | ||
| 003 | OSt | ||
| 005 | 20210903170235.0 | ||
| 008 | |||
| 082 |
_a515.9 _bS17F |
||
| 100 | 1 | _aSaff, E.B. | |
| 245 | 1 |
_aFundamentals of complex analysis _cby E.B. Saff and A.D. Srider |
|
| 250 | _a3rd ed. | ||
| 260 |
_aNew Delhi _bPearson _c2009 |
||
| 300 | _a523p. | ||
| 690 | _aMathematical analysis; Functions of complex variables | ||
| 700 | _aSrider, A.D. | ||
| 942 |
_2ddc _cBK |
||
| 999 |
_c147 _d147 |
||